All Thorpe Park Roller Coasters - Statistics

General Stats
  • This quiz has been taken 75 times
  • The average score is 7 of 8
Answer Stats
Hint Answer % Correct
(2024) Hyperia
98%
(2009) SAW - The Ride
97%
(2006) Stealth
97%
(2012) The Swarm
97%
(2003) Nemesis Inferno
91%
(2002) Colossus
88%
(1984) Flying Fish
81%
(1996) Walking Dead: The Ride
62%
No matching quizzes found
Score Distribution
Percent of People with Each Score
Percentile by Number Answered
Your Score History
You have not taken this quiz